000 00823nam a22002537a 4500
001 3914
003 FISKH
005 20240524153849.0
008 240523b cb ||||| |||| 00| 0 eng d
040 _aFISK
_beng
_cFISK
_dFISK
050 _aPZ7.S5299
082 _a813.54
100 _aSharmat Weinman Marjorie
_d1928-2019
245 _aNate the great /
_bThe case of the fleeing fang
_cby Marjorie Weinman Sharmat
260 _aNew York :
_bA yearling Book ,
_c2000
300 _a63 pages :
_bcolor illustrations ;
_c20 cm
505 _aH
520 _aThe reader is asked to help Nate the Great solve the mystery of his friend Annie's missing dog Fang.
521 8 _a520
_bLexile
521 8 _aH
_bRaz-Plus
700 _aMarjorie Weinman Sharmat
942 _2ddc
_cBK
_n0
999 _c3914
_d3914